What's It Stand For? 15 Categories II Quiz Stats

 Plays Quiz Updated Aug 21, 2019

Score 0/60 Timer 07:00
3 Plays Today
Hint Answer % Correct
LITERATURE
TKAM
a
95.6%
SPORTS
FIFA
Football
90.9%
HOLIDAY
MLK Day
King
89%
HOLIDAY
MLK Day
Martin
88.9%
HOLIDAY
MLK Day
Luther
88.9%
SPORTS
FIFA
Internationale (de)
87.4%
HISTORY
USSR
Soviet
86.9%
SPORTS
FIFA
Association
84.8%
HOLIDAY
MLK Day
Jr.
81.6%
JUST FOR FUN
NSFW
For
78.5%
JUST FOR FUN
NSFW
Not
78.5%
RELIGION
WWJD
Jesus
78.2%
RELIGION
WWJD
What
76.6%
RELIGION
WWJD
Do?
76.5%
RELIGION
WWJD
Would
76.5%
JUST FOR FUN
NSFW
Safe
72.7%
SPORTS
FIFA
Fédération
71.8%
SCIENCE
STEM
Science
71.7%
JUST FOR FUN
NSFW
Work
71%
SCIENCE
STEM
Mathematics
66.8%
SCIENCE
STEM
Technology
66.7%
ENTERTAINMENT
TMNT
Turtles
62.3%
ENTERTAINMENT
TMNT
Teenage
62.3%
ENTERTAINMENT
TMNT
Ninja
62.2%
ENTERTAINMENT
TMNT
Mutant
62.2%
GEOGRAPHY
OPEC
Countries
61.7%
GAMING
SNES
System
61.5%
TELEVISION
M*A*S*H
Hospital
61.2%
GAMING
SNES
Nintendo
60.4%
SCIENCE
STEM
Engineering
60.3%
Hint Answer % Correct
LANGUAGE
RSVP
Vous
60%
HISTORY
USSR
Union (of)
59.3%
GAMING
SNES
Entertainment
58.8%
HISTORY
USSR
Socialist
57.8%
LITERATURE
TKAM
To
56.9%
MISCELLANEOUS
HTML
Language
55.8%
LITERATURE
TKAM
Kill
55.5%
LITERATURE
TKAM
Mockingbird
55.3%
GEOGRAPHY
OPEC
Petroleum
54.3%
GAMING
SNES
Super
54.3%
MISCELLANEOUS
HTML
Hyper
53.7%
LANGUAGE
RSVP
Plaît
52.7%
HISTORY
USSR
Republics
52.6%
LANGUAGE
RSVP
S'il
52.2%
TELEVISION
M*A*S*H
Army
51.7%
TELEVISION
M*A*S*H
Mobile
51.6%
MUSIC
RHCP
Hot
50.8%
MUSIC
RHCP
Red
50%
MUSIC
RHCP
Chili
49.6%
MUSIC
RHCP
Peppers
49.6%
MISCELLANEOUS
HTML
Text
48.4%
GEOGRAPHY
OPEC
Exporting
42.6%
GEOGRAPHY
OPEC
Organization (of the)
42.5%
MOVIES
ROUS (The Princess Bride)
of
42%
TELEVISION
M*A*S*H
Surgical
41.2%
MISCELLANEOUS
HTML
Markup
30.1%
MOVIES
ROUS (The Princess Bride)
Size
28.2%
MOVIES
ROUS (The Princess Bride)
Rodents
28.1%
LANGUAGE
RSVP
Répondez
28%
MOVIES
ROUS (The Princess Bride)
Unusual
28%

You're not logged in!

Compare scores with friends on all Sporcle quizzes.
OR
Log In

Sporcle TV

Today on Sporcle TV


Watch our educational content, quiz creation guides, and fun videos on Sporcle TV.

Show Comments

Extras

Top Quizzes Today


Score Distribution

Your Account Isn't Verified!

In order to create a playlist on Sporcle, you need to verify the email address you used during registration. Go to your Sporcle Settings to finish the process.

Report this User

Report this user for behavior that violates our Community Guidelines.

Details: